Teorie spotřebitele a formování poptávky.
Predpoklady racionálneho chovania sa spotrebiteľa. Meranie užitočnosti. Indiferenčné krivky a ich vlastnosti. Rovnováha spotrebiteľa. Individuálny dopyt. Vplyv zmeny príjmu spotrebiteľa na dopyt. Vplyv ceny tovaru na dopyt. Substitučný a dôchodkový efekt, Slutského a Hicksovo poňatie. Vplyv zmeny ci...
Gespeichert in:
| 1. Verfasser: | |
|---|---|
| Format: | Buchkapitel |
| Sprache: | Tschechisch |
| Schlagworte: | |
| Tags: |
Keine Tags, Fügen Sie das erste Tag hinzu!
|
MARC
| LEADER | 00000naa a2200000 4500 | ||
|---|---|---|---|
| 001 | r010224 | ||
| 005 | 20220831085957.6 | ||
| 041 | 0 | |a cze | |
| 044 | |a [CS] | ||
| 245 | 1 | 0 | |a Teorie spotřebitele a formování poptávky. |c Jana Soukupová |
| 520 | |a Predpoklady racionálneho chovania sa spotrebiteľa. Meranie užitočnosti. Indiferenčné krivky a ich vlastnosti. Rovnováha spotrebiteľa. Individuálny dopyt. Vplyv zmeny príjmu spotrebiteľa na dopyt. Vplyv ceny tovaru na dopyt. Substitučný a dôchodkový efekt, Slutského a Hicksovo poňatie. Vplyv zmeny cien ostatných tovarov na dopyt. Vzťahy medzi elasticitami substitúcie. | ||
| 610 | 2 | 0 | |a spotrebitelia |
| 610 | 2 | 0 | |a dopyt |
| 610 | 2 | 0 | |a metódy ekonomicko-matematické |
| 610 | 2 | 0 | |a ceny |
| 610 | 2 | 0 | |a tovar |
| 610 | 2 | 0 | |a substitúcia |
| 100 | 1 | |a Soukupová, Jana | |